Statistics for Spanish Clothes

Click here to take the quiz!

General Stats

  • This quiz has been taken 10 times
  • The average score is 144 of 225

Answer Stats

QuestionTileSelect% Correct
Unos Pantalones CortosBrushNo
100%
Unos Pantalones CortosSuitcaseNo
100%
Unos Pantalones CortosToothbrushNo
100%
Unos Pantalones CortosToothpasteNo
100%
Unos Pantalones CortosBeltNo
90%
Unos Pantalones CortosCombNo
90%
Unos Pantalones CortosDeodorantNo
90%
Unos Pantalones CortosFlip FlopsNo
90%
Unos Pantalones CortosGlassesNo
90%
Unos Pantalones CortosJacketNo
90%
Unos Pantalones CortosShirtNo
90%
Unos Pantalones CortosShoesNo
90%
Unos Pantalones CortosSocksNo
90%
Unos Pantalones CortosBackpackNo
80%
Una CamisaBackpackNo
80%
Una ChaquetaBackpackNo
80%
Una CamisaBeltNo
80%
Una ChaquetaBrushNo
80%
Una CamisaBrushNo
80%
Una ChaquetaCombNo
80%
Una CamisaCombNo
80%
Una ChaquetaDeodorantNo
80%
Una CamisaDeodorantNo
80%
Una ChaquetaFlip FlopsNo
80%
Una CamisaFlip FlopsNo
80%
Una ChaquetaGlassesNo
80%
Una CamisaGlassesNo
80%
Una ChaquetaJacketYes
80%
Una ChaquetaShoesNo
80%
Una CamisaShoesNo
80%
Una ChaquetaShortsNo
80%
Una CamisaShortsNo
80%
Una ChaquetaSocksNo
80%
Una CamisaSocksNo
80%
Una ChaquetaSuitcaseNo
80%
Una CamisaSuitcaseNo
80%
Una ChaquetaToothbrushNo
80%
Una CamisaToothbrushNo
80%
Una ChaquetaToothpasteNo
80%
Una CamisaToothpasteNo
80%
Un Cepillo De DientesBackpackNo
70%
Unos ZapatosBackpackNo
70%
Unas ChanclasBackpackNo
70%
Una Pasta De DientesBackpackNo
70%
Un DesodoranteBackpackNo
70%
Un CepilloBackpackNo
70%
Unas ChanclasBeltNo
70%
Unos ZapatosBeltNo
70%
Un DesodoranteBeltNo
70%
Una ChaquetaBeltNo
70%
Un Cepillo De DientesBeltNo
70%
Una Pasta De DientesBeltNo
70%
Un Cepillo De DientesBrushNo
70%
Un DesodoranteBrushNo
70%
Una Pasta De DientesBrushNo
70%
Unos ZapatosBrushNo
70%
Unas ChanclasBrushNo
70%
Un Cepillo De DientesCombNo
70%
Un CepilloCombNo
70%
Una Pasta De DientesCombNo
70%
Unas ChanclasCombNo
70%
Un DesodoranteCombNo
70%
Unos ZapatosCombNo
70%
Un CepilloDeodorantNo
70%
Una Pasta De DientesDeodorantNo
70%
Un Cepillo De DientesDeodorantNo
70%
Unas ChanclasDeodorantNo
70%
Unos ZapatosDeodorantNo
70%
Un DesodoranteDeodorantYes
70%
Un CepilloFlip FlopsNo
70%
Una Pasta De DientesFlip FlopsNo
70%
Unos ZapatosFlip FlopsNo
70%
Un DesodoranteFlip FlopsNo
70%
Un Cepillo De DientesFlip FlopsNo
70%
Un DesodoranteGlassesNo
70%
Un Cepillo De DientesGlassesNo
70%
Una Pasta De DientesGlassesNo
70%
Unos ZapatosGlassesNo
70%
Un CepilloGlassesNo
70%
Un DesodoranteJacketNo
70%
Una Pasta De DientesJacketNo
70%
Unas ChanclasJacketNo
70%
Unos ZapatosJacketNo
70%
Un Cepillo De DientesJacketNo
70%
Un CepilloJacketNo
70%
Una CamisaJacketNo
70%
Una Pasta De DientesShirtNo
70%
Una CamisaShirtYes
70%
Unos ZapatosShirtNo
70%
Una ChaquetaShirtNo
70%
Un Cepillo De DientesShirtNo
70%
Un CepilloShirtNo
70%
Un DesodoranteShirtNo
70%
Unas ChanclasShirtNo
70%
Unas ChanclasShoesNo
70%
Un DesodoranteShoesNo
70%
Un Cepillo De DientesShoesNo
70%
Una Pasta De DientesShoesNo
70%
Un CepilloShoesNo
70%
Unos ZapatosShoesYes
70%
Unas ChanclasShortsNo
70%
Unos Pantalones CortosShortsYes
70%
Unos ZapatosShortsNo
70%
Un CepilloShortsNo
70%
Una Pasta De DientesShortsNo
70%
Un Cepillo De DientesShortsNo
70%
Un DesodoranteShortsNo
70%
Un DesodoranteSocksNo
70%
Una Pasta De DientesSocksNo
70%
Unos ZapatosSocksNo
70%
Un Cepillo De DientesSocksNo
70%
Un CepilloSocksNo
70%
Un DesodoranteSuitcaseNo
70%
Unos ZapatosSuitcaseNo
70%
Un Cepillo De DientesSuitcaseNo
70%
Una Pasta De DientesSuitcaseNo
70%
Unas ChanclasSuitcaseNo
70%
Un CepilloSuitcaseNo
70%
Unos ZapatosToothbrushNo
70%
Una Pasta De DientesToothbrushNo
70%
Unas ChanclasToothbrushNo
70%
Un DesodoranteToothbrushNo
70%
Un Cepillo De DientesToothbrushYes
70%
Unas ChanclasToothpasteNo
70%
Una Pasta De DientesToothpasteYes
70%
Unos ZapatosToothpasteNo
70%
Un CepilloToothpasteNo
70%
Un DesodoranteToothpasteNo
70%
Una MaletaBackpackNo
60%
Una MaletaBeltNo
60%
Un CepilloBeltNo
60%
Una MaletaBrushNo
60%
Una MaletaCombNo
60%
Una MaletaFlip FlopsNo
60%
Una MaletaGlassesNo
60%
Una MaletaJacketNo
60%
Una MaletaShirtNo
60%
Una MaletaShoesNo
60%
Una MaletaShortsNo
60%
Una MaletaSocksNo
60%
Unas ChanclasSocksNo
60%
Un CepilloToothbrushNo
60%
Una MaletaToothbrushNo
60%
Un Cepillo De DientesToothpasteNo
60%
Una MaletaToothpasteNo
60%
Una CorreaBackpackNo
50%
Una PeinillaBackpackNo
50%
Unos LentesBackpackNo
50%
Unos CalcetinesBackpackNo
50%
Unos LentesBeltNo
50%
Una MochilaBeltNo
50%
Unos CalcetinesBeltNo
50%
Una PeinillaBeltNo
50%
Una PeinillaBrushNo
50%
Una CorreaBrushNo
50%
Unos CalcetinesBrushNo
50%
Unos LentesBrushNo
50%
Un CepilloBrushYes
50%
Unos LentesCombNo
50%
Una MochilaCombNo
50%
Unos CalcetinesCombNo
50%
Unos LentesDeodorantNo
50%
Unos CalcetinesDeodorantNo
50%
Una MaletaDeodorantNo
50%
Una MochilaDeodorantNo
50%
Una MochilaFlip FlopsNo
50%
Unos CalcetinesFlip FlopsNo
50%
Una CorreaFlip FlopsNo
50%
Unos CalcetinesGlassesNo
50%
Unas ChanclasGlassesNo
50%
Una MochilaGlassesNo
50%
Una CorreaGlassesNo
50%
Una PeinillaGlassesNo
50%
Una MochilaJacketNo
50%
Una CorreaJacketNo
50%
Unos CalcetinesJacketNo
50%
Unos LentesJacketNo
50%
Una PeinillaJacketNo
50%
Una MochilaShirtNo
50%
Unos LentesShirtNo
50%
Una CorreaShirtNo
50%
Una PeinillaShirtNo
50%
Unos CalcetinesShirtNo
50%
Una CorreaShoesNo
50%
Unos LentesShoesNo
50%
Una MochilaShoesNo
50%
Unos CalcetinesShoesNo
50%
Una PeinillaShoesNo
50%
Unos CalcetinesShortsNo
50%
Unos LentesShortsNo
50%
Una CorreaShortsNo
50%
Una PeinillaShortsNo
50%
Una MochilaShortsNo
50%
Unos LentesSocksNo
50%
Una MochilaSocksNo
50%
Una CorreaSocksNo
50%
Una PeinillaSocksNo
50%
Una MochilaSuitcaseNo
50%
Una PeinillaSuitcaseNo
50%
Unos LentesSuitcaseNo
50%
Una MaletaSuitcaseYes
50%
Unos CalcetinesSuitcaseNo
50%
Una PeinillaToothbrushNo
50%
Unos LentesToothbrushNo
50%
Una CorreaToothbrushNo
50%
Una MochilaToothbrushNo
50%
Una CorreaToothpasteNo
50%
Unos LentesToothpasteNo
50%
Una PeinillaToothpasteNo
50%
Unos CalcetinesToothpasteNo
50%
Una MochilaToothpasteNo
50%
Una MochilaBackpackYes
40%
Una MochilaBrushNo
40%
Una CorreaCombNo
40%
Una PeinillaDeodorantNo
40%
Una CorreaDeodorantNo
40%
Unas ChanclasFlip FlopsYes
40%
Unos LentesFlip FlopsNo
40%
Una PeinillaFlip FlopsNo
40%
Unos LentesGlassesYes
40%
Unos CalcetinesSocksYes
40%
Una CorreaSuitcaseNo
40%
Unos CalcetinesToothbrushNo
40%
Una PeinillaCombYes
30%
Una CorreaBeltYes
20%

Score Distribution

Percentile by Number Answered

Percent of People with Each Score

Your Score History

You have not taken this quiz